Statistics for Faded - Alan Walker - All Lyrics

Click here to take the quiz!

General Stats

  • This quiz has been taken 70 times
  • The average score is 137 of 179

Answer Stats

Answer% Correct
a
98%
fade
98%
I
98%
the
98%
The
98%
aim
96%
are
94%
You
94%
you
94%
I'm
91%
I’m
91%
now?
91%
Where
91%
my
85%
sea
85%
sea,
85%
shadow
85%
were
85%
Were
85%
faded
83%
faded,
83%
Under
83%
under
83%
to
81%
Another
79%
away
79%
in
79%
light,
79%
of
79%
me
74%
star,
72%
us
72%
us?
72%
did
70%
feel
70%
see
70%
So
70%
lost,
68%
on
68%
dream
66%
inside
66%
Atlantis,
62%
monster's
62%
it
55%
wild
55%
Afraid
53%
alive
53%
imaginary?
53%
running
53%
fantasy?
51%
out
51%
wanna
51%
is
49%
sight,
49%
all
47%
only
47%
our
47%
fire
45%
heart
45%
Was
45%
set
43%
go,
40%
what
40%
never
38%
breathing,
36%
letting
36%
needed
36%
dive
34%
shallow
34%
alight
32%
bright
32%
deeper
32%
lights
32%
silence
32%
These
32%
waters
32%
Eternal
30%
met
30%
but
28%

Score Distribution

Percentile by Number Answered

Percent of People with Each Score

Your Score History

You have not taken this quiz